=LDR 00000nam 2200000 4500 =001 INLIS000000000044162 =005 20131008105130 =008 ***********************************ind** =035 ##$$0010-101300000002084 =041 ##$$a ind =082 ##$$a 819.9 =090 ##$$a 819.9, HAK i =100 ##$$a Hakim, Zainal =245 ##$$a Lilian dan Lolosanda, Zainal Hakim =260 ##$$a 2006 $b Jakarta =300 ##$$a ix, 62 hlm., ilus., 21 cm =650 ##$$a Kesusasteraan Melayu Jakarta =850 ##$$a NBPNMAT